000 00779nam a22002057a 4500
999 _c61681
_d61681
005 20240416154200.0
008 240416s2007 enk||||| |||| 00| 0 eng d
020 _a9780781793407x
041 _aeng
080 _a577.1 L-69
100 _aLieberman, Michael
_921816
245 _aMarks' Essentials of Medical Biochemistry /
_cMichael Lieberman, Allan D. Marks, Colleen Smith.
264 _aPhiladelphia :
_bLippincott Williams & Wilkins,
_c2007.
300 _a566 p.:
_bill.;
_c28 cm.
653 _aსამედიცინო ბიოქიმიის საფუძვლები
653 _aმედიცინა
700 _aMarks, Allan D.
_eავტორი
_921817
700 _aSmith, Colleen
_eავტორი
_921818
942 _2udc
_cᲬᲘᲒᲜᲘ